| 000 | 00611nmm a2200253 a 4500 | ||
|---|---|---|---|
| 003 | AR-BaBNM | ||
| 005 | 20251128202754.0 | ||
| 008 | 167019s1966 ||||||||||||||000 | spa|| | ||
| 040 | _cAR-BaBNM | ||
| 100 | 1 | _aMarechal, Leopoldo | |
| 245 | 1 | 0 | _aLas claves de Adán Buenosayres |
| 260 |
_aMendoza _bAzor _c1966 |
||
| 300 | _a77 p. | ||
| 650 | 4 | _aLITERATURA ARGENTINA | |
| 650 | 4 | _aCRITICA LITERARIA | |
| 650 | 4 | _aNOVELAS | |
| 650 | 4 | _aSIGLO VEINTE | |
| 650 | 4 | _aHUMOR | |
| 650 | 4 | _aLITERATURA CONTEMPORANEA | |
| 653 | _aINFLUENCIA CLASICA | ||
| 655 | _aLITERATURA | ||
| 942 | _cBK | ||
| 998 | _cMARTIN | ||
| 999 |
_c493 _d493 |
||